Evaluación de un modelo en laboratorio, de tratamiento de lodos activados con aguas residuales de la industria láctea
Enregistré dans:
| Auteur principal: | |
|---|---|
| Format: | Livre |
| Publié: |
San José, C.R
2001
|
| Sujets: | |
| Tags: |
Ajouter un tag
Pas de tags, Soyez le premier à ajouter un tag!
|
MARC
| LEADER | 00000nam a2200000Ia 4500 | ||
|---|---|---|---|
| 003 | 008816 | ||
| 005 | 20221231144159.0 | ||
| 008 | 140114s2001 cr a m 000 ||s d | ||
| 040 | |c cru CEDI | ||
| 090 | |a TFG 4375 | ||
| 100 | |a García Chinchilla, Oswaldo Francisco |9 7648 | ||
| 245 | |a Evaluación de un modelo en laboratorio, de tratamiento de lodos activados con aguas residuales de la industria láctea | ||
| 260 | |c 2001 |a San José, C.R | ||
| 300 | |a vii, 101 hojas : ilustraciones (algunas a color) | ||
| 500 | |a Tesis (licenciatura en ingeniería civil)--Universidad de Costa Rica. Facultad de Ingeniería. Escuela de Ingeniería Civil | ||
| 650 | |x ANALISIS DE AGUAS RESIDUALES |x AGUAS RESIDUALES -- TRATAMIENTO POR PROCESO DE LODO ACTIVADO |x PURIFICACION DE AGUAS RESIDUALES |9 7649 | ||
| 942 | |c TFG | ||
| 999 | |c 18063 |d 18063 | ||
